[Event "Motiva Online Blitz (Women)"]
[Site "Chess.com INT"]
[Date "2021.12.18"]
[Round "3"]
[White "Mamedjarova, Turkan"]
[Black "Mammadova, Aytaj Taleh"]
[Result "1-0"]
[WhiteElo "2264"]
[BlackElo "1352"]
[PlyCount "91"]
[EventDate "2021.12.18"]
[EventType "swiss (blitz)"]
[EventRounds "13"]
[EventCountry "USA"]
[SourceTitle "CBM 205 Extra"]
[Source "ChessBase"]
[SourceDate "2022.01.31"]
[SourceVersion "1"]
[SourceVersionDate "2022.01.31"]
[SourceQuality "1"]

1. d4 e6 2. c4 b6 3. Nc3 Bb7 4. Nf3 Bb4 5. Bd2 h6 6. e3 Nf6 7. Bd3 0-0 8. 0-0 d5 9. Nxd5 exd5 10. Bxb4 Re8 11. Ne5 c5 12. Bc3 Nbd7 13. Nxd7 Qxd7 14. dxc5 bxc5 15. Bxf6 gxf6 16. Qh5 Kg7 17. Bf5 Qd6 18. Rad1 d4 19. exd4 cxd4 20. Qg4+ Kh8 21. Rxd4 Qe5 22. Qh4 Qxf5 23. Qxh6+ Qh7 24. Qxf6+ Qg7 25. Qh4+ Qh7 26. Qf4 Re4 27. Rxe4 Qxe4 28. Qh6+ Qh7 29. Qe3 Rg8 30. f3 Qc2 31. Qh6+ Qh7 32. Qf6+ Qg7 33. Qh4+ Qh7 34. Qf2 Qf5 35. Kh1 Rg7 36. Re1 Bc6 37. b4 Rg6 38. b5 Bd7 39. Qd4+ Kh7 40. Re4 Be6 41. Rh4+ Rh6 42. Rxh6+ Kxh6 43. h4 Qb1+ 44. Kh2 Qe1 45. c5 Qb4 46. Qxb4 1-0

[Event "Kaspersky op U16"]
[Site "Tornelo INT"]
[Date "2021.04.02"]
[Round "3"]
[White "Mammadova, Aytaj Taleh"]
[Black "Gorny, Tomasz"]
[Result "0-1"]
[WhiteElo "1352"]
[BlackElo "1662"]
[PlyCount "42"]
[EventDate "2021.04.02"]
[EventType "swiss (blitz)"]
[EventRounds "11"]
[EventCountry "RUS"]
[SourceTitle "CBM 201 Extra"]
[Source "ChessBase"]
[SourceDate "2021.05.31"]
[SourceVersion "1"]
[SourceVersionDate "2021.05.31"]
[SourceQuality "1"]

1. d4 d5 2. Nf3 Nf6 3. e3 Bf5 4. Bd3 Bg6 5. Bxg6 hxg6 6. Qd3 e6 7. Qb5+ Nc6 8. Qxb7 Nb4 9. Na3 Bd6 10. Qb5+ c6 11. Qe2 a5 12. Ne5 Bxe5 13. dxe5 Nd7 14. c3 Na6 15. f4 Nac5 16. Nc2 Ne4 17. 0-0 Ndc5 18. Nd4 Rxh2 19. Kxh2 Qh4+ 20. Kg1 Ng3 21. Qd1 Nce4 0-1